[Event "Titled Tuesday intern op 20th July"]
[Site "Chess.com INT"]
[Date "2021.07.20"]
[Round "2"]
[White "Gurvich, Vitaly"]
[Black "Bures, Vit"]
[Result "1-0"]
[WhiteElo "2250"]
[BlackElo "2144"]
[PlyCount "65"]
[EventDate "2021.07.20"]
[EventType "swiss (blitz)"]
[EventRounds "11"]
[EventCountry "USA"]
[SourceTitle "CBM 203 Extra"]
[Source "ChessBase"]
[SourceDate "2021.09.30"]
[SourceVersion "1"]
[SourceVersionDate "2021.09.30"]
[SourceQuality "1"]

1. e4 e5 2. Nf3 Nc6 3. Bb5 a6 4. Bxc6 dxc6 5. d3 f6 6. Nbd2 Be6 7. Qe2 Qd7 8. b3 Ne7 9. Bb2 Ng6 10. g3 0-0-0 11. 0-0-0 Bc5 12. Nc4 Qe7 13. Nfd2 h5 14. h4 Kb8 15. Ne3 b5 16. Kb1 Kb7 17. Rhf1 Bd4 18. Nf5 Qd7 19. Nxd4 exd4 20. f4 Bg4 21. Nf3 c5 22. Qf2 Rhe8 23. Rd2 a5 24. c3 Bxf3 25. Qxf3 a4 26. cxd4 cxd4 27. b4 Kb6 28. Qxh5 Nf8 29. Rc1 Ne6 30. f5 Nf8 31. a3 Qe7 32. Rdc2 Rc8 33. Bxd4+ 1-0

[Event "Titled Tuesday intern op 22nd June"]
[Site "Chess.com INT"]
[Date "2021.06.22"]
[Round "6"]
[White "Gurvich, Vitaly"]
[Black "Samadov, Read"]
[Result "1-0"]
[WhiteElo "2250"]
[BlackElo "2332"]
[PlyCount "67"]
[EventDate "2021.06.22"]
[EventType "swiss (blitz)"]
[EventRounds "11"]
[EventCountry "USA"]
[SourceTitle "CBM 203 Extra"]
[Source "ChessBase"]
[SourceDate "2021.09.30"]
[SourceVersion "1"]
[SourceVersionDate "2021.09.30"]
[SourceQuality "1"]

1. e4 e6 2. d4 d5 3. Nc3 Bb4 4. e5 c5 5. a3 Bxc3+ 6. bxc3 Qa5 7. Bd2 Qa4 8. Ne2 Nc6 9. Be3 Nge7 10. Ng3 c4 11. Nh5 Nf5 12. g4 Nxe3 13. fxe3 Rg8 14. g5 Bd7 15. Bh3 0-0-0 16. Kd2 Ne7 17. Qb1 Qc6 18. Qb4 Nf5 19. Bxf5 exf5 20. Nf4 h6 21. h4 Be6 22. a4 Rh8 23. a5 a6 24. Rag1 hxg5 25. Rxg5 g6 26. h5 Rdg8 27. Rhg1 Qd7 28. hxg6 fxg6 29. Rxg6 Re8 30. Qc5+ Kb8 31. Rg7 Qa4 32. Qd6+ Ka8 33. Nxe6 Rh2+ 34. R7g2 1-0

[Event "Titled Tuesday intern op 22nd June"]
[Site "Chess.com INT"]
[Date "2021.06.22"]
[Round "2"]
[White "Riazantsev, Alexander"]
[Black "Gurvich, Vitaly"]
[Result "0-1"]
[WhiteElo "2634"]
[BlackElo "2250"]
[PlyCount "90"]
[EventDate "2021.06.22"]
[EventType "swiss (blitz)"]
[EventRounds "11"]
[EventCountry "USA"]
[SourceTitle "CBM 203 Extra"]
[Source "ChessBase"]
[SourceDate "2021.09.30"]
[SourceVersion "1"]
[SourceVersionDate "2021.09.30"]
[SourceQuality "1"]

1. d4 Nf6 2. Nf3 g6 3. Bf4 Bg7 4. e3 d6 5. h3 0-0 6. Be2 b6 7. 0-0 Bb7 8. c4 e6 9. Nc3 Nbd7 10. Qc2 Qe7 11. Bh2 e5 12. Rfd1 a6 13. b4 Rac8 14. a4 exd4 15. Nxd4 Ne5 16. a5 c5 17. bxc5 bxc5 18. Nb3 Bc6 19. Nd2 Rb8 20. Rab1 Qc7 21. Qa2 Rxb1 22. Rxb1 Rb8 23. Rb3 Rb4 24. f4 Ned7 25. Bg3 Qb7 26. Be1 Bxg2 27. Kh2 Bc6 28. Bd3 Nf8 29. e4 Nh5 30. Nd5 Bxd5 31. exd5 Nxf4 32. Bf1 Qe7 33. Nf3 Qe4 34. Bxb4 cxb4 35. Qf2 Bc3 36. Ng5 Qe5 37. Nf3 Qe7 38. Rb1 Nd7 39. c5 Nxc5 40. Bc4 Qe4 41. Bf1 Qxb1 42. Ng5 Qf5 43. Nf3 Nxd5 44. Qe2 Qf4+ 45. Kh1 Ne3 0-1

[Event "Titled Tuesday intern op 01st June"]
[Site "Chess.com INT"]
[Date "2021.06.01"]
[Round "3"]
[White "Gurvich, Vitaly"]
[Black "Arvind, C Jayaraman"]
[Result "1-0"]
[WhiteElo "2256"]
[BlackElo "2124"]
[PlyCount "141"]
[EventDate "2021.06.01"]
[EventType "swiss (blitz)"]
[EventRounds "11"]
[EventCountry "USA"]
[SourceTitle "CBM 202 Extra"]
[Source "ChessBase"]
[SourceDate "2021.07.31"]
[SourceVersion "1"]
[SourceVersionDate "2021.07.31"]
[SourceQuality "1"]

1. c4 e6 2. Nf3 d5 3. e3 Nf6 4. b3 Be7 5. Bb2 0-0 6. Be2 c5 7. 0-0 Nc6 8. cxd5 Nxd5 9. d4 cxd4 10. Nxd4 Nxd4 11. Bxd4 Bf6 12. Na3 Bxd4 13. Qxd4 Bd7 14. Nc4 Bc6 15. Rfd1 Qf6 16. Na5 Qxd4 17. Rxd4 Rac8 18. Bf3 Rfd8 19. h4 Kf8 20. Rc1 Ke7 21. Nxc6+ bxc6 22. Rdc4 Kd6 23. g3 c5 24. Ra4 Rc7 25. Ra6+ Ke7 26. Ra5 Rdc8 27. Be2 Kd6 28. Kg2 Nb6 29. Rd1+ Ke7 30. h5 c4 31. bxc4 Nxc4 32. Bxc4 Rxc4 33. Rxa7+ R8c7 34. Rxc7+ Rxc7 35. a4 Ra7 36. Rd4 h6 37. g4 Ra5 38. Kg3 e5 39. Rb4 f6 40. Kf3 Ke6 41. Rb7 Rxa4 42. Rxg7 Ra8 43. Rh7 Ra4 44. Rxh6 Kf7 45. Rh7+ Kg8 46. Rc7 Rb4 47. Kg3 Kh8 48. h6 Kg8 49. Kh4 f5 50. f3 e4 51. f4 fxg4 52. Kxg4 Rb3 53. Kg5 Rxe3 54. f5 Rg3+ 55. Kf6 e3 56. Re7 Rh3 57. Kg6 Rg3+ 58. Kf6 Rh3 59. h7+ Kh8 60. Kg6 Rg3+ 61. Kf7 Kxh7 62. f6 Rf3 63. Re5 Kh6 64. Ke7 Kg6 65. Re6 e2 66. Rxe2 Rf1 67. Rg2+ Kh7 68. Kf7 Kh6 69. Rh2+ Kg5 70. Kg7 Ra1 71. f7 1-0

[Event "Titled Tuesday intern op 01st June"]
[Site "Chess.com INT"]
[Date "2021.06.01"]
[Round "9"]
[White "Gurvich, Vitaly"]
[Black "Bacrot, Etienne"]
[Result "0-1"]
[WhiteElo "2256"]
[BlackElo "2678"]
[PlyCount "58"]
[EventDate "2021.06.01"]
[EventType "swiss (blitz)"]
[EventRounds "11"]
[EventCountry "USA"]
[SourceTitle "CBM 202 Extra"]
[Source "ChessBase"]
[SourceDate "2021.07.31"]
[SourceVersion "1"]
[SourceVersionDate "2021.07.31"]
[SourceQuality "1"]

1. e4 c5 2. Nf3 d6 3. Nc3 Nc6 4. g3 g6 5. Bg2 Bg7 6. 0-0 Nf6 7. Re1 Kf8 8. e5 dxe5 9. Nxe5 Nxe5 10. Rxe5 Nd7 11. Re1 h5 12. Ne4 h4 13. d3 hxg3 14. hxg3 Ne5 15. Qe2 b6 16. Bf4 Bg4 17. f3 Bf5 18. Nxc5 Qd4+ 19. Be3 Qxb2 20. Rab1 Qxa2 21. Ne4 Rc8 22. Rbc1 Bh3 23. Bxh3 Rxh3 24. Kg2 Rh8 25. Bf2 Qd5 26. d4 Nc6 27. c4 Qd7 28. d5 Qh3+ 29. Kg1 Qh1# 0-1

[Event "Titled Tuesday intern op 01st June"]
[Site "Chess.com INT"]
[Date "2021.06.01"]
[Round "11"]
[White "Gurvich, Vitaly"]
[Black "Najdin, Danil"]
[Result "0-1"]
[WhiteElo "2256"]
[BlackElo "2285"]
[PlyCount "84"]
[EventDate "2021.06.01"]
[EventType "swiss (blitz)"]
[EventRounds "11"]
[EventCountry "USA"]
[SourceTitle "CBM 202 Extra"]
[Source "ChessBase"]
[SourceDate "2021.07.31"]
[SourceVersion "1"]
[SourceVersionDate "2021.07.31"]
[SourceQuality "1"]

1. c4 Nf6 2. Nc3 g6 3. e4 c5 4. Nf3 Bg7 5. g3 Nc6 6. Bg2 d6 7. h3 0-0 8. 0-0 Ne8 9. d3 Nc7 10. Rb1 Ne6 11. a3 a5 12. Bd2 Ned4 13. Nd5 e6 14. Ne3 Nxf3+ 15. Qxf3 Nd4 16. Qd1 a4 17. Bc3 Bd7 18. Nc2 b5 19. cxb5 Bxb5 20. Nxd4 Bxd4 21. Bxd4 cxd4 22. Qd2 Qa5 23. Qe2 Qa6 24. Rfd1 Rfc8 25. Bf1 Rc5 26. Rbc1 Rac8 27. Rxc5 Rxc5 28. Qd2 Qc6 29. Qb4 e5 30. b3 axb3 31. Qxb3 Kg7 32. Ra1 Rc3 33. Qd1 Ba4 34. Qd2 Qb5 35. h4 h5 36. f4 Bc2 37. a4 Bxa4 38. fxe5 dxe5 39. Rc1 Qc5 40. Re1 Rc2 41. Qd1 Rg2+ 42. Bxg2 Bxd1 0-1

[Event "Titled Tuesday intern op 01st June"]
[Site "Chess.com INT"]
[Date "2021.06.01"]
[Round "8"]
[White "Gurvich, Vitaly"]
[Black "Perez Leiva, Jerzy Jesus"]
[Result "1-0"]
[WhiteElo "2256"]
[BlackElo "2384"]
[PlyCount "57"]
[EventDate "2021.06.01"]
[EventType "swiss (blitz)"]
[EventRounds "11"]
[EventCountry "USA"]
[SourceTitle "CBM 202 Extra"]
[Source "ChessBase"]
[SourceDate "2021.07.31"]
[SourceVersion "1"]
[SourceVersionDate "2021.07.31"]
[SourceQuality "1"]

1. e4 c6 2. d4 d5 3. exd5 cxd5 4. Bd3 Nc6 5. c3 Qc7 6. h3 e6 7. Nf3 Bd6 8. 0-0 Nge7 9. Re1 Ng6 10. a4 0-0 11. Na3 a6 12. Nc2 Bd7 13. h4 h6 14. Ne3 Nf4 15. g3 Nxd3 16. Qxd3 Rad8 17. Kg2 e5 18. Nxd5 Qb8 19. dxe5 Nxe5 20. Nxe5 Bxe5 21. Qf3 Bc6 22. Ne7+ Kh8 23. Nxc6 bxc6 24. Qxc6 Bc7 25. Qxa6 Rd6 26. Qe2 Re6 27. Be3 Rfe8 28. Qb5 Re5 29. Qxb8 1-0

[Event "Titled Tuesday intern op 01st June"]
[Site "Chess.com INT"]
[Date "2021.06.01"]
[Round "4"]
[White "Gurvich, Vitaly"]
[Black "Von Buelow, Georg"]
[Result "1-0"]
[WhiteElo "2256"]
[BlackElo "2361"]
[PlyCount "71"]
[EventDate "2021.06.01"]
[EventType "swiss (blitz)"]
[EventRounds "11"]
[EventCountry "USA"]
[SourceTitle "CBM 202 Extra"]
[Source "ChessBase"]
[SourceDate "2021.07.31"]
[SourceVersion "1"]
[SourceVersionDate "2021.07.31"]
[SourceQuality "1"]

1. c4 g6 2. Nc3 Bg7 3. g3 Nf6 4. Bg2 0-0 5. d3 d6 6. Nf3 Nc6 7. 0-0 e5 8. Rb1 a5 9. a3 Nd4 10. Nd2 c6 11. e3 Nf5 12. Nde4 Be6 13. b4 axb4 14. axb4 d5 15. Nc5 Bc8 16. cxd5 cxd5 17. Bb2 b6 18. Nb3 Ra7 19. Nb5 Re7 20. Rc1 Ba6 21. Na3 Qd7 22. b5 Bb7 23. d4 e4 24. Bc3 Rc8 25. Bb4 Ree8 26. Qd2 h5 27. Rxc8 Rxc8 28. Rc1 h4 29. Nc5 bxc5 30. dxc5 hxg3 31. hxg3 Ba8 32. c6 Qa7 33. Bc5 Qa4 34. Bh3 Ne8 35. Qxd5 Nc7 36. Qd7 1-0

[Event "Titled Tuesday intern op 01st June"]
[Site "Chess.com INT"]
[Date "2021.06.01"]
[Round "5"]
[White "Ibrahimli, Murad Sultanali"]
[Black "Gurvich, Vitaly"]
[Result "1-0"]
[WhiteElo "2436"]
[BlackElo "2256"]
[PlyCount "83"]
[EventDate "2021.06.01"]
[EventType "swiss (blitz)"]
[EventRounds "11"]
[EventCountry "USA"]
[SourceTitle "CBM 202 Extra"]
[Source "ChessBase"]
[SourceDate "2021.07.31"]
[SourceVersion "1"]
[SourceVersionDate "2021.07.31"]
[SourceQuality "1"]

1. d4 Nf6 2. c4 e6 3. Nf3 b6 4. g3 Bb7 5. Bg2 c5 6. d5 exd5 7. cxd5 g6 8. Nc3 Bg7 9. 0-0 0-0 10. a4 a6 11. Bf4 d6 12. Nd2 Nh5 13. Be3 Nd7 14. Nc4 Qc7 15. g4 Nhf6 16. Bf4 Ne5 17. Bxe5 dxe5 18. d6 Qb8 19. Bxb7 Qxb7 20. g5 Nd7 21. Qd5 Qa7 22. Kg2 Kh8 23. h4 f6 24. Rh1 h5 25. gxh6 Bxh6 26. h5 g5 27. Ne4 Rae8 28. a5 b5 29. Nb6 Nxb6 30. axb6 Qxb6 31. Nxc5 Rd8 32. Rxa6 Qb8 33. Ne6 Qc8 34. Rc6 Qd7 35. Nxd8 Qg4+ 36. Kf1 Rxd8 37. Qf7 Ra8 38. Rc1 Qe4 39. f3 Qe3 40. Rd1 g4 41. d7 gxf3 42. d8Q+ 1-0